000
00217 a2200097 4500
001
14510
100
_a
Khurshid Ahmad
245
_a
Islamic Perspectines
260
_a
U K
_b
Islamic Foundation
_c
090
_c
11340
_d
11340
942
_a
NUST-CAE
_c
M
_c
1493
999
_c
249583
_d
249583